NLSUI OPAC header image

International law and human rights (Record no. 35061)

MARC details
000 -LEADER
fixed length control field 02407nam a2200229Ia 4500
003 - CONTROL NUMBER IDENTIFIER
control field OSt
005 - DATE AND TIME OF LATEST TRANSACTION
control field 20210203111326.0
008 - FIXED-LENGTH DATA ELEMENTS--GENERAL INFORMATION
fixed length control field 160316s2012 xxu||||| |||| 00| 0 eng d
020 ## - INTERNATIONAL STANDARD BOOK NUMBER
International Standard Book Number 9788194284826
040 ## - CATALOGING SOURCE
Transcribing agency n
082 ## - DEWEY DECIMAL CLASSIFICATION NUMBER
Classification number 341.481000
Item number JOS-2
100 ## - MAIN ENTRY--PERSONAL NAME
Personal name Joshi K C
245 ## - TITLE STATEMENT
Title International law and human rights
250 ## - EDITION STATEMENT
Edition statement 2nd
260 ## - PUBLICATION, DISTRIBUTION, ETC.
Place of publication, distribution, etc. Lucknow
Name of publisher, distributor, etc. Eastern Book Co.
Date of publication, distribution, etc. 2012
300 ## - PHYSICAL DESCRIPTION
Extent 544p
Dimensions xli
365 ## - TRADE PRICE
Price amount Rs. 585
505 ## - FORMATTED CONTENTS NOTE
Formatted contents note TTable Of Contents:<br/>Table of Cases <br/><br/>Part I INTERNATIONAL LAW<br/><br/>1 . Introduction <br/><br/>2 . Sources and Evidences of International Law <br/><br/>3 . Codification of International Law<br/><br/>4 . Relation Between International Law and State Law <br/><br/>5. Subjects of International Law <br/><br/>6 . Recognition of States and Governments <br/><br/>7 . State Territory <br/><br/>8 . State Jurisdiction <br/><br/>9 . Law of the Sea <br/><br/>10 . State Responsibility <br/><br/>11 . State Succession <br/><br/>12 . Heads of States and Diplomatic Envoys <br/><br/>13 . Consular Relations <br/><br/>14 . Air Space and Outer Space <br/><br/>15 . Individual and the State <br/><br/>16 . Treaties <br/><br/>17 . International Organisations <br/><br/>18 . The Specialised Agencies <br/><br/>19 . Collective Security<br/><br/>20 . Regionalism and International Organisations <br/><br/>21 . Disarmament<br/><br/>22 . International Economic Law <br/><br/>23 . Settlement of International Disputes <br/><br/>24 . War and Armed Conflict <br/><br/>25 . Termination of War and Postliminium <br/><br/>26 . Enemy Character <br/><br/>27 . Law of War: International Humanitarian Law <br/><br/>28 . Belligerent Occupation <br/><br/>29 . Laws of Maritime Warfare<br/><br/>30 . War Crimes <br/><br/>31 . Neutrality <br/><br/>32 . Economic Warfare <br/><br/>33 . International Terrorism<br/><br/>34 . International Criminal Court <br/><br/>35 . Environment and International Law <br/><br/>Part II HUMAN RIGHTS<br/><br/>36 . Human Rights <br/><br/>37 . Human Rights and Humanitarian Law <br/><br/>38 . Social Inclusion of Human Rights <br/><br/>39 . Universal Declaration of Human Rights <br/><br/>40 . International Covenants on Human Rights <br/><br/>41 . Prevention of Inhuman Acts <br/><br/>42 . Protection of Vulnerable Groups <br/><br/>43 . Regional Conventions on Human Rights <br/><br/>44 . Human Duties and Responsibilities <br/><br/>45 . Declaration on Human Rights Defenders <br/><br/>46 . Global Alliance of National Human Rights Institutions (GANHRI)<br/><br/>47 . Human Rights in India<br/><br/>48 . Human Rights Commissions in India <br/><br/>Subject Index
650 ## - SUBJECT ADDED ENTRY--TOPICAL TERM
Topical term or geographic name entry element 1.International Law - Human Rights
700 ## - ADDED ENTRY--PERSONAL NAME
Personal name
--
942 ## - ADDED ENTRY ELEMENTS (KOHA)
Source of classification or shelving scheme Dewey Decimal Classification
Koha item type BOOKs
Holdings
Withdrawn status Lost status Damaged status Not for loan Home library Current library Shelving location Date acquired Cost, normal purchase price Total Checkouts Full call number Barcode Date last seen Price effective from Koha item type
        NLS NLS   30/05/2017 585.00   341.481 JOS-2 30812 30/05/2017 30/05/2017 BOOKs